000 00670nam a2200229Ia 4500
003 OSt
005 20221005121533.0
006 a|||||r|||| 00| 0
007 ta
008 221004b |||||||| |||| 00| 0 eng d
024 _a56958
037 _cTextual
040 _aCRL
_cCRL
_beng
041 _2eng
_aeng
082 _aV2:1:M5, A2.1-.3
100 _aMurray Hugh, etc.
_9630743
245 0 _aHistorical and descriptive account of British India, from the most remote period to the conclusion of the afghan war 3V.
260 _c1872
650 _aHISTORY
942 _hV2:1:M5, A2.1-.3
_cTEXL
_2cc
999 _c1041459
_d1041459